Margot Robbie and Emma Stone Similarities - Statistics

General Stats
  • This quiz has been taken 30 times
  • The average score is 7 of 9
Answer Stats
Name the Movies... Answer % Correct
That they played a toy doll that comes to life Barbie | Poor Things
100%
That they were nominated for an Oscar Birdman | La La Land | I, Tonya | The Favourite | Bombshell | Barbie | Poor Things
100%
That they worked with Ryan Gosling Crazy, Stupid, Love | Gangster Squad | The Big Short | La La Land | Barbie
100%
That they played a superhero character The Amazing Spider-Man | The Amazing Spider-Man | Suicide Squad | Birds of Prey | The Suicide Squad
86%
That they were directed by Damien Chazelle La La Land | Babylon
83%
That they worked with Steve Carell Crazy, Stupid, Love | The Big Short | Battle of the Sexes | Asteroid City
79%
That they worked with Willem Dafoe Asteroid City | Poor Things | Kinds of Kindness
76%
That they played a character with royal interactions The Favourite | Mary Queen of Scots
72%
That they were directed by Will Gluck Easy A | Friends With Benefits | Peter Rabbit | Peter Rabbit 2: The Runaway
48%
No matching quizzes found
Score Distribution
Percent of People with Each Score
Percentile by Number Answered
Your Score History
You have not taken this quiz